书目信息 |
| 题名: |
音乐基础理论与欣赏
|
|
| 作者: | 贺香沛 主编 | |
| 分册: | 下 | |
| 出版信息: | 镇江 江苏大学出版社 2014.08 |
|
| 页数: | 197-403页 | |
| 开本: | 26cm | |
| 丛书名: | ||
| 单 册: | ||
| 中图分类: | J602 , J605 | |
| 科图分类: | ||
| 主题词: | 音乐理论--中等专业教育--教材 , 音乐欣赏--中等专业教育--教材 , 音乐理论 , 音乐欣赏 | |
| 电子资源: | ||
| ISBN: | 978-7-81130-810-5 | |
| 000 | 01182nam0 2200301 450 | |
| 001 | 0120141312122 | |
| 005 | 20170502101335.95 | |
| 010 | @a978-7-81130-810-5@dCNY28.00,CNY56.00(全2册) | |
| 100 | @a20140928d2014 em y0chiy0110 ea | |
| 101 | 0 | @achi |
| 102 | @aCN@b320000 | |
| 105 | @aagk z 000yy | |
| 106 | @ar | |
| 200 | 1 | @a音乐基础理论与欣赏@9yin yue ji chu li lun yu xin shang@h下@f贺香沛主编 |
| 210 | @a镇江@c江苏大学出版社@d2014.08 | |
| 215 | @a197-403页@c图@d26cm | |
| 300 | @a中等职业教育“十二五”规划教材 | |
| 330 | @a全书分上、下两册,由四个部分组成,第一部分为基本乐理,介绍了音乐的基础乐理知识;第二部分为视唱练耳,介绍了练习视唱需要注意的问题以及简谱练习、五线谱练习;第三部分为歌唱知识,介绍了声乐理论、发声练习及歌唱指挥;第四部分为音乐欣赏,主要包括中国民族民间音乐概述、中国民歌与民舞、民族器乐、外国器乐、名作选讲、歌曲欣赏和歌曲选编。 | |
| 333 | @a中专 | |
| 606 | 0 | @a音乐理论@x中等专业教育@j教材 |
| 606 | 0 | @a音乐欣赏@x中等专业教育@j教材 |
| 606 | 0 | @a音乐理论 |
| 606 | 0 | @a音乐欣赏 |
| 690 | @aJ602@v5 | |
| 690 | @aJ605@v5 | |
| 701 | 0 | @a贺香沛@9he xiang pei@4主编 |
| 801 | 0 | @aCN@b人天书店@c20140928 |
| 905 | @b989138-41@dJ602@e779:2@f4 | |
| 音乐基础理论与欣赏.下/贺香沛主编.-镇江:江苏大学出版社,2014.08 |
| 197-403页:图;26cm |
| 中等职业教育“十二五”规划教材.-使用对象:中专 |
| ISBN 978-7-81130-810-5:CNY28.00,CNY56.00(全2册) |
| 全书分上、下两册,由四个部分组成,第一部分为基本乐理,介绍了音乐的基础乐理知识;第二部分为视唱练耳,介绍了练习视唱需要注意的问题以及简谱练习、五线谱练习;第三部分为歌唱知识,介绍了声乐理论、发声练习及歌唱指挥;第四部分为音乐欣赏,主要包括中国民族民间音乐概述、中国民歌与民舞、民族器乐、外国器乐、名作选讲、歌曲欣赏和歌曲选编。 |
| ● |
| 相关链接 |
|
|
|
|
正题名:音乐基础理论与欣赏
索取号:J602/779:2
 
预约/预借
| 序号 | 登录号 | 条形码 | 馆藏地/架位号 | 状态 | 备注 |
| 1 | 989138 | 209891385 | 第一样本阅览室/ [索取号:J602/779:2] | 在馆 | |
| 2 | 989139 | 209891394 | 音乐系资料室/ [索取号:J602/779:2] | 在馆 | |
| 3 | 989140 | 209891401 | 第一借阅区/ [索取号:J602/779:2] | 在馆 | |
| 4 | 989141 | 209891410 | 第一借阅区/ [索取号:J602/779:2] | 在馆 |